00378nam a2200157Ia 45000010006000000050017000060080041000230410008000640820016000721000022000882450057001102600009001673000028001766500008002046540008002121977820260306172718.0260306t2017||||xx |||||||||||||| ||spa|| aESP a341.1bD284 aDuke, GeorgeeAUT 4aThe cambridge companion to natural law jurisprudence c2017 a458 páginas :c23 cm. aGEN aCDE